| 000 | 00498nam a2200193Ia 4500 | ||
|---|---|---|---|
| 008 | 131103s9999 xx 000 0 und d | ||
| 040 | _aLoreto College | ||
| 041 | _aEnglish | ||
| 082 |
_a370.15/MAC _bLCLIB/21094 |
||
| 100 | _aMace,C.A. | ||
| 245 | 4 |
_aThe psychology of study _cC.A.Mace |
|
| 260 |
_aHarmondsworth _bPenguin Books _c1968 |
||
| 300 |
_a128 p. _c 8 cm. |
||
| 504 | _aIncludes index | ||
| 650 | _aEducation | ||
| 651 | _aEducational Psychology | ||
| 850 | _aLCLIB | ||
| 942 | _cBK | ||
| 999 |
_c9036 _d59515 |
||